[Event "Festival de Calviá 2009 - 6. Open s2300"]
[Site "Calvia ESP"]
[Date "2009.10.10"]
[Round "1.1"]
[White "Alvarez Pedrosa, Valeriano"]
[Black "Massanet Massanet, Sebastian"]
[Result "0-1"]
[WhiteElo "1985"]
[BlackElo "2297"]
[PlyCount "56"]
[EventDate "2009.10.10"]
[EventType "swiss"]
[EventRounds "9"]
[EventCountry "ESP"]
[Source "lmi"]
[SourceDate "2009.10.10"]

1. c3 d5 2. d4 g6 3. Nf3 Bg7 4. Bf4 Nf6 5. e3 O-O 6. Bd3 Nh5 7. Bg5 Qd6 8. Nbd2
f6 9. Bh4 e5 10. Qb3 Kh8 11. dxe5 fxe5 12. Be2 a5 13. e4 Nf4 14. exd5 Nxg2+ 15.
Kd1 a4 16. Qc4 Rf4 17. Ne4 Qf8 18. Bg3 Rxf3 19. Bxf3 Qxf3+ 20. Qe2 Ne3+ 21. Kd2
Qxe4 22. Qxe3 Qxd5+ 23. Ke2 Bg4+ 24. f3 Qb5+ 25. Ke1 Bf5 26. Rd1 Nc6 27. Rd2
Na5 28. Qe2 Nc4 0-1

[Event "Festival de Calviá 2009 - 6. Open s2300"]
[Site "Calvia ESP"]
[Date "2009.10.10"]
[Round "1.2"]
[White "Cruz, Jonathan"]
[Black "Boix Pons, Catalina"]
[Result "1-0"]
[WhiteElo "2292"]
[BlackElo "1983"]
[PlyCount "65"]
[EventDate "2009.10.10"]
[EventType "swiss"]
[EventRounds "9"]
[EventCountry "ESP"]
[Source "lmi"]
[SourceDate "2009.10.10"]

1. d4 d5 2. c4 e6 3. Nf3 Nf6 4. Nc3 Be7 5. Bg5 Nbd7 6. e3 O-O 7. Bd3 c6 8. O-O
dxc4 9. Bxc4 Nd5 10. Bxe7 Qxe7 11. Ne2 N5b6 12. Bd3 e5 13. Ng3 exd4 14. Nxd4 g6
15. Rc1 Nf6 16. Re1 Rd8 17. Qc2 Bd7 18. a3 Be8 19. Nb3 Nbd7 20. f4 Rac8 21. e4
c5 22. e5 Nd5 23. Qf2 Nf8 24. f5 Qg5 25. Rxc5 Rxc5 26. Nxc5 Nf4 27. Nce4 Nxd3
28. Nxg5 Nxf2 29. Kxf2 h6 30. N5e4 gxf5 31. Nxf5 Kh7 32. Nfd6 Ng6 33. Nf6+ 1-0

[Event "Festival de Calviá 2009 - 6. Open s2300"]
[Site "Calvia ESP"]
[Date "2009.10.10"]
[Round "1.3"]
[White "Castell Cantero, Salvador"]
[Black "Gomez Jurado, Luis Alberto"]
[Result "0-1"]
[WhiteElo "1977"]
[BlackElo "2287"]
[PlyCount "46"]
[EventDate "2009.10.10"]
[EventType "swiss"]
[EventRounds "9"]
[EventCountry "ESP"]
[Source "lmi"]
[SourceDate "2009.10.10"]

1. d4 Nf6 2. c4 c5 3. d5 b5 4. cxb5 a6 5. bxa6 Bxa6 6. Nc3 g6 7. g3 d6 8. Bg2
Nbd7 9. Nh3 Bg7 10. O-O O-O 11. Re1 Qa5 12. e4 Rfb8 13. f4 Ne8 14. Qc2 Ra7 15.
Nf2 Rab7 16. Nd3 c4 17. Nf2 Nc5 18. Bf1 Nc7 19. Nfd1 Nb5 20. Bd2 Nd4 21. Qc1
Nf3+ 22. Kh1 Nxe1 23. Bxe1 Nxe4 0-1

[Event "Festival de Calviá 2009 - 6. Open s2300"]
[Site "Calvia ESP"]
[Date "2009.10.10"]
[Round "1.4"]
[White "Gonzalez Arribas, Vidal A"]
[Black "Perez Prieto, German"]
[Result "1-0"]
[WhiteElo "2286"]
[BlackElo "1976"]
[PlyCount "77"]
[EventDate "2009.10.10"]
[EventType "swiss"]
[EventRounds "9"]
[EventCountry "ESP"]
[Source "lmi"]
[SourceDate "2009.10.10"]

1. c4 Nf6 2. Nf3 g6 3. Nc3 Bg7 4. g3 d6 5. Bg2 O-O 6. d4 c5 7. O-O Nbd7 8. h3
Rb8 9. e4 e5 10. dxc5 Nxc5 11. Qe2 h6 12. Rd1 Ne8 13. Be3 b6 14. Qd2 Kh7 15. b4
Nb7 16. Rac1 Be6 17. c5 bxc5 18. bxc5 Qa5 19. c6 Nc5 20. Nd5 Qxd2 21. Nxd2 Bxd5
22. exd5 f5 23. Nc4 Na6 24. Rb1 Rxb1 25. Rxb1 Rf7 26. Rb7 Rc7 27. Bxa7 Bf8 28.
Bf1 Rg7 29. Nxd6 Bxd6 30. Bxa6 Nc7 31. Bc4 g5 32. g4 Kg6 33. a4 h5 34. a5 hxg4
35. hxg4 e4 36. Bb8 fxg4 37. Bxc7 Rxc7 38. Rxc7 Bxc7 39. a6 1-0

[Event "Festival de Calviá 2009 - 6. Open s2300"]
[Site "Calvia ESP"]
[Date "2009.10.10"]
[Round "1.5"]
[White "Suuronen, Petri"]
[Black "Lopez Colon, Francisco"]
[Result "1/2-1/2"]
[WhiteElo "1970"]
[BlackElo "2274"]
[PlyCount "88"]
[EventDate "2009.10.10"]
[EventType "swiss"]
[EventRounds "9"]
[EventCountry "ESP"]
[Source "lmi"]
[SourceDate "2009.10.10"]

1. g3 e5 2. Bg2 d5 3. d3 Nc6 4. e4 dxe4 5. dxe4 Qxd1+ 6. Kxd1 Bc5 7. Be3 Bg4+
8. Bf3 Bxe3 9. fxe3 Nf6 10. Bxg4 Nxg4 11. Ke2 Nb4 12. Na3 O-O-O 13. Nf3 f6 14.
Rhd1 Rxd1 15. Rxd1 Rd8 16. Rxd8+ Kxd8 17. h3 Nh6 18. c3 Nc6 19. Nc2 a5 20. Nce1
Nf7 21. Nd3 b6 22. Nf2 Nd6 23. Nd2 Nb8 24. Nd3 Na6 25. g4 g5 26. Kf3 Kd7 27.
Kg3 Kc6 28. h4 h6 29. hxg5 hxg5 30. Kf3 Kb5 31. Ke2 Kc6 32. Kd1 b5 33. Kc2 Kb6
34. Kd1 c5 35. Kc2 c4 36. Nf2 Nc5 37. Kd1 a4 38. Kc2 Kc6 39. Kd1 Nd3 40. Nxd3
cxd3 41. b3 axb3 42. axb3 Kc5 43. Kc1 b4 44. c4 Kc6 1/2-1/2

[Event "Festival de Calviá 2009 - 6. Open s2300"]
[Site "Calvia ESP"]
[Date "2009.10.10"]
[Round "1.6"]
[White "Frick, Christoph"]
[Black "Salido Polo, Veronica"]
[Result "1/2-1/2"]
[WhiteElo "2255"]
[BlackElo "1964"]
[PlyCount "138"]
[EventDate "2009.10.10"]
[EventType "swiss"]
[EventRounds "9"]
[EventCountry "ESP"]
[Source "lmi"]
[SourceDate "2009.10.10"]

1. Nc3 Nf6 2. e4 d6 3. g3 c5 4. Bg2 Nc6 5. d3 g6 6. f4 Bg4 7. Nf3 Nd4 8. h3
Bxf3 9. Bxf3 b5 10. e5 dxe5 11. fxe5 Nd7 12. e6 Nxe6 13. Bxa8 Qxa8 14. O-O Nd4
15. Ne4 Bg7 16. c3 Ne6 17. Be3 h6 18. Qe2 O-O 19. Nd2 b4 20. Rac1 bxc3 21. bxc3
Nf6 22. g4 Nd5 23. Ne4 Qc6 24. Qd2 f5 25. gxf5 gxf5 26. Bxh6 fxe4 27. Qg2 Ndf4
28. Qg4 Qd6 29. dxe4 Qd2 30. Kh1 Rf6 31. Rcd1 Qe3 32. Rxf4 Rxh6 33. Rf3 Qg5 34.
Rd8+ Kh7 35. Qxg5 Nxg5 36. Re3 Nxh3 37. Rd7 Nf2+ 38. Kg2 Ng4 39. Rg3 Rg6 40.
Rxe7 Ne3+ 41. Kf2 Rxg3 42. Kxg3 Nd1 43. Rxa7 Nxc3 44. Kf4 Ne2+ 45. Ke3 Nd4 46.
Rc7 Nb5 47. Rb7 Nd6 48. Rd7 Nc4+ 49. Kf4 Kg6 50. a4 Be5+ 51. Kf3 Kg5 52. Ra7
Nd2+ 53. Ke3 Bf4+ 54. Kd3 c4+ 55. Kc3 Nxe4+ 56. Kxc4 Kf6 57. Rd7 Ke6 58. Rd1
Nd2+ 59. Kc5 Kd7 60. a5 Kc7 61. Ra1 Ne4+ 62. Kb5 Nd6+ 63. Ka6 Be3 64. Re1 Bf2
65. Rc1+ Kd7 66. Rh1 Kc7 67. Rh2 Bg1 68. Rh7+ Kc6 69. Rg7 Bf2 1/2-1/2

[Event "Festival de Calviá 2009 - 6. Open s2300"]
[Site "Calvia ESP"]
[Date "2009.10.10"]
[Round "1.7"]
[White "De Seroux, Camille"]
[Black "Barcelo Pujadas, Pedro Jose"]
[Result "0-1"]
[WhiteElo "1961"]
[BlackElo "2249"]
[PlyCount "78"]
[EventDate "2009.10.10"]
[EventType "swiss"]
[EventRounds "9"]
[EventCountry "ESP"]
[Source "lmi"]
[SourceDate "2009.10.10"]

1. e4 e6 2. d4 d5 3. Nd2 Nf6 4. e5 Nfd7 5. c3 c5 6. Bd3 Nc6 7. Ne2 cxd4 8. cxd4
f6 9. exf6 Nxf6 10. O-O Bd6 11. Nf3 Qc7 12. Bg5 O-O 13. Bh4 Nh5 14. Rc1 g6 15.
Re1 a6 16. Qc2 Qg7 17. a3 Bd7 18. Qb3 b5 19. Kh1 Rac8 20. Rg1 Kh8 21. Bg5 Nf4
22. Qd1 h6 23. Bxf4 Bxf4 24. Nxf4 Rxf4 25. g3 Rf6 26. Be2 Rcf8 27. Rc5 g5 28.
g4 Rf4 29. Rc3 Nxd4 30. Nxd4 Rxd4 31. Qe1 Qe5 32. Re3 Re4 33. Rgg3 d4 34. Rxe4
Qxe4+ 35. f3 Qe3 36. Rh3 Rc8 37. Kg2 Rc2 38. Kf1 b4 39. Bd1 Bb5+ 0-1

[Event "Festival de Calviá 2009 - 6. Open s2300"]
[Site "Calvia ESP"]
[Date "2009.10.10"]
[Round "1.8"]
[White "Henriksson, Johan"]
[Black "Grebstad, Kjell Borre"]
[Result "1/2-1/2"]
[WhiteElo "2246"]
[BlackElo "1959"]
[PlyCount "88"]
[EventDate "2009.10.10"]
[EventType "swiss"]
[EventRounds "9"]
[EventCountry "ESP"]
[Source "lmi"]
[SourceDate "2009.10.10"]

1. d4 d5 2. Nf3 Nf6 3. g3 Bf5 4. Bg2 e6 5. O-O Nbd7 6. b3 Bd6 7. Bb2 O-O 8. c4
c6 9. Nc3 h6 10. Nd2 Qe7 11. e4 dxe4 12. Ndxe4 Ba3 13. Rb1 Rfd8 14. Qe2 Bxb2
15. Rxb2 Nxe4 16. Nxe4 Nf6 17. Rd2 Nxe4 18. Bxe4 Bxe4 19. Qxe4 Qb4 20. Rd3 Rd7
21. a4 Rad8 22. Rfd1 a5 23. f3 Qb6 24. Kg2 g6 25. g4 Qc7 26. f4 Rd6 27. Qe5
R6d7 28. Qf6 c5 29. Rh3 Qc6+ 30. Kf2 e5 31. Qxe5 f6 32. Qe3 cxd4 33. Qd3 Kg7
34. Re1 Qc7 35. Rf3 Re7 36. Rxe7+ Qxe7 37. Qd2 b6 38. Rd3 Qe4 39. Kg3 g5 40.
Rf3 d3 41. h3 Rd4 42. fxg5 hxg5 43. Kf2 Rd7 44. Kg3 Qe5+ 1/2-1/2

[Event "Festival de Calviá 2009 - 6. Open s2300"]
[Site "Calvia ESP"]
[Date "2009.10.10"]
[Round "1.9"]
[White "Abadia Pascual, Luis"]
[Black "Andersen, Lars Even"]
[Result "0-1"]
[WhiteElo "1958"]
[BlackElo "2242"]
[PlyCount "44"]
[EventDate "2009.10.10"]
[EventType "swiss"]
[EventRounds "9"]
[EventCountry "ESP"]
[Source "lmi"]
[SourceDate "2009.10.10"]

1. e4 Nc6 2. d4 e5 3. d5 Nce7 4. c4 Ng6 5. Nf3 Nf6 6. Nc3 Bb4 7. Bd3 Bxc3+ 8.
bxc3 d6 9. O-O O-O 10. h3 Nh5 11. Be3 b6 12. Qd2 Nhf4 13. Kh2 a5 14. Rh1 Qd7
15. Bf1 f5 16. g3 fxe4 17. Ng5 Qf5 18. gxf4 exf4 19. Nxe4 fxe3 20. Qxe3 Ne5 21.
Be2 Bd7 22. Ng5 Qxf2+ 0-1

[Event "Festival de Calviá 2009 - 6. Open s2300"]
[Site "Calvia ESP"]
[Date "2009.10.10"]
[Round "1.10"]
[White "Ducros Salva, Antonio"]
[Black "Londers, Jan"]
[Result "1-0"]
[WhiteElo "2239"]
[BlackElo "1956"]
[PlyCount "41"]
[EventDate "2009.10.10"]
[EventType "swiss"]
[EventRounds "9"]
[EventCountry "ESP"]
[Source "lmi"]
[SourceDate "2009.10.10"]

1. c4 g6 2. g3 Bg7 3. Bg2 d6 4. Nc3 Nf6 5. a3 O-O 6. e4 e5 7. Nge2 Nc6 8. O-O
Nd4 9. h3 Ne8 10. Rb1 c5 11. b4 cxb4 12. Rxb4 a5 13. Rb1 f5 14. exf5 gxf5 15.
Nxd4 exd4 16. Ne2 Kh8 17. Bb2 f4 18. Nxf4 Rxf4 19. gxf4 Qh4 20. Qf3 Bd7 21. Qg3
1-0

[Event "Festival de Calviá 2009 - 6. Open s2300"]
[Site "Calvia ESP"]
[Date "2009.10.10"]
[Round "1.11"]
[White "Rodriguez Garcia, Jesus"]
[Black "Alcaraz Ortega, Javier"]
[Result "0-1"]
[WhiteElo "1953"]
[BlackElo "2236"]
[PlyCount "100"]
[EventDate "2009.10.10"]
[EventType "swiss"]
[EventRounds "9"]
[EventCountry "ESP"]
[Source "lmi"]
[SourceDate "2009.10.10"]

1. Nf3 Nf6 2. c4 c5 3. Nc3 e6 4. g3 b6 5. Bg2 Bb7 6. d3 d5 7. Bg5 Be7 8. O-O d4
9. Nb1 O-O 10. Re1 Nbd7 11. e4 dxe3 12. Bxe3 Qc7 13. Nc3 a6 14. Qe2 Rac8 15.
Bf4 Bd6 16. Bxd6 Qxd6 17. Rad1 Qc7 18. Ne4 Rfd8 19. Bh3 h6 20. Nc3 Nb8 21. Ne5
Nc6 22. Nxc6 Qxc6 23. Ne4 Nd7 24. Bg2 Qc7 25. f4 Nb8 26. Nf2 Nc6 27. a3 Rd7 28.
Qe4 Ba8 29. Qe2 Rcd8 30. Qe3 Nd4 31. Qe5 Bxg2 32. Kxg2 Qc6+ 33. Qe4 Qa4 34. Rd2
f5 35. Qe3 Qc6+ 36. Kf1 Nf3 37. Rde2 Nxh2+ 38. Kg1 Nf3+ 39. Kf1 Nxe1 40. Rxe1
Kf7 41. Kg1 Re7 42. g4 Qd6 43. Kg2 Rde8 44. Qg3 Qd4 45. Re5 g6 46. Qh2 Kg7 47.
Qg3 Kh7 48. Re1 e5 49. Rh1 exf4 50. Qh4 f3+ 0-1

[Event "Festival de Calviá 2009 - 6. Open s2300"]
[Site "Calvia ESP"]
[Date "2009.10.10"]
[Round "1.12"]
[White "Fruebing, Thomas"]
[Black "Feiguelman, Igor"]
[Result "1-0"]
[WhiteElo "2232"]
[BlackElo "1952"]
[PlyCount "53"]
[EventDate "2009.10.10"]
[EventType "swiss"]
[EventRounds "9"]
[EventCountry "ESP"]
[Source "lmi"]
[SourceDate "2009.10.10"]

1. e4 g6 2. d4 Bg7 3. Bc4 c6 4. Nc3 d5 5. exd5 b5 6. Bb3 b4 7. Ne4 cxd5 8. Nc5
e6 9. Nf3 Ne7 10. a3 bxa3 11. Rxa3 O-O 12. O-O Nbc6 13. c3 Na5 14. Bf4 Qb6 15.
Qe2 Nac6 16. Rfa1 a5 17. Ba4 Ba6 18. Qd2 Ra7 19. Nxa6 Rxa6 20. Bd6 Rfa8 21. Bc5
Qb7 22. Bd1 Rb8 23. b4 Raa8 24. Qa2 h6 25. Nd2 Kh7 26. b5 Na7 27. Rxa5 1-0

[Event "Festival de Calviá 2009 - 6. Open s2300"]
[Site "Calvia ESP"]
[Date "2009.10.10"]
[Round "1.13"]
[White "Rubio Mancebon, Pedro Jose"]
[Black "Hutchinson, Paul A"]
[Result "0-1"]
[WhiteElo "1945"]
[BlackElo "2228"]
[PlyCount "73"]
[EventDate "2009.10.10"]
[EventType "swiss"]
[EventRounds "9"]
[EventCountry "ESP"]
[Source "lmi"]
[SourceDate "2009.10.10"]

1. d4 d5 2. Nf3 Nf6 3. c4 c6 4. Nc3 a6 5. c5 Nbd7 6. Bf4 Nh5 7. e3 Nxf4 8. exf4
b6 9. cxb6 Qxb6 10. Rb1 e6 11. Bd3 g6 12. O-O Bg7 13. Bc2 O-O 14. Re1 c5 15.
Na4 Qc7 16. dxc5 Qxf4 17. b4 Bb7 18. Qd2 Qf6 19. Qg5 Bc6 20. Qxf6 Bxf6 21. a3
Rfb8 22. Nb2 Nxc5 23. Ne5 Bxe5 24. Rxe5 Nd7 25. Ree1 a5 26. Nd3 axb4 27. axb4
Ra3 28. Rb2 Rc3 29. Reb1 d4 30. Ne1 Bb5 31. Rb3 Rbc8 32. Rxc3 Rxc3 33. f4 d3
34. Bd1 Nf6 35. Nf3 Bc4 36. g3 Nd5 37. Nd2 0-1

[Event "Festival de Calviá 2009 - 6. Open s2300"]
[Site "Calvia ESP"]
[Date "2009.10.10"]
[Round "1.14"]
[White "Vega Gomez, Francisco B"]
[Black "Perez Ferris, Miguel"]
[Result "1-0"]
[WhiteElo "2226"]
[BlackElo "1935"]
[PlyCount "113"]
[EventDate "2009.10.10"]
[EventType "swiss"]
[EventRounds "9"]
[EventCountry "ESP"]
[Source "lmi"]
[SourceDate "2009.10.10"]

1. Nf3 f5 2. d3 Nf6 3. e4 fxe4 4. dxe4 Nxe4 5. Bd3 Nf6 6. Ng5 d6 7. Nxh7 c6 8.
Ng5 Qa5+ 9. Kf1 Bf5 10. Nc3 Bxd3+ 11. Qxd3 Qa6 12. Qxa6 Nxa6 13. a3 Kd7 14. f3
e5 15. Be3 Be7 16. Rd1 Rhf8 17. Ke2 Nc7 18. Rhe1 Nfd5 19. Nxd5 Nxd5 20. Bc1 b5
21. Kf2 Rf5 22. Ne4 Raf8 23. Kg1 a5 24. a4 Bd8 25. axb5 Bc7 26. bxc6+ Kxc6 27.
Bd2 Rb8 28. b3 Rh5 29. h3 Nf6 30. Ng3 Rh7 31. Ra1 Rb5 32. Ra4 d5 33. Nf5 g6 34.
Ne3 Re7 35. Ng4 Nxg4 36. Rxg4 Re6 37. Ra4 Bb6+ 38. Be3 Bc7 39. Kf2 e4 40. fxe4
dxe4 41. Rd1 Rf5+ 42. Ke2 Bb6 43. Rc4+ Kb5 44. Bxb6 Kxb6 45. Ke3 Kb5 46. Rd2
Rfe5 47. Rdd4 Rg5 48. g4 Rf6 49. Rxe4 Rf1 50. Kd3 Rh1 51. Re3 Rd5+ 52. Kc3 Rh2
53. Kb2 g5 54. Rc8 Rdd2 55. Rec3 Kb6 56. Rb8+ Ka7 57. Rf8 1-0

[Event "Festival de Calviá 2009 - 6. Open s2300"]
[Site "Calvia ESP"]
[Date "2009.10.10"]
[Round "1.16"]
[White "Gaya Llodra, Juan"]
[Black "Diller, Peter"]
[Result "1-0"]
[WhiteElo "2218"]
[BlackElo "1928"]
[PlyCount "77"]
[EventDate "2009.10.10"]
[EventType "swiss"]
[EventRounds "9"]
[EventCountry "ESP"]
[Source "lmi"]
[SourceDate "2009.10.10"]

1. d4 e6 2. g3 f5 3. Bg2 Nf6 4. c4 Be7 5. Nc3 O-O 6. Qb3 c6 7. d5 Na6 8. Nh3
Nc5 9. Qc2 e5 10. b4 Nce4 11. Nxe4 Nxe4 12. Qb3 d6 13. f3 Nf6 14. Be3 a5 15.
dxc6 bxc6 16. Bb6 Qe8 17. c5+ d5 18. bxa5 Ba6 19. Rc1 Nd7 20. Nf2 Bc4 21. Rxc4
dxc4 22. Qxc4+ Qf7 23. Qxf7+ Kxf7 24. Nd3 Ke6 25. e4 g6 26. O-O Nxb6 27. cxb6
Rxa5 28. Rc1 c5 29. f4 Bd6 30. b7 Rxa2 31. exf5+ gxf5 32. fxe5 Bb8 33. Nxc5+
Ke7 34. Nd3 Rd8 35. Nb4 Rxg2+ 36. Kxg2 Re8 37. Rc8 Kd7 38. Rxe8 Kxe8 39. Nc6
1-0

[Event "Festival de Calviá 2009 - 6. Open s2300"]
[Site "Calvia ESP"]
[Date "2009.10.10"]
[Round "1.17"]
[White "Cerdo Fernandez, Miguel"]
[Black "Galiana Salom, Juan Ramon"]
[Result "0-1"]
[WhiteElo "1921"]
[BlackElo "2216"]
[PlyCount "134"]
[EventDate "2009.10.10"]
[EventType "swiss"]
[EventRounds "9"]
[EventCountry "ESP"]
[Source "lmi"]
[SourceDate "2009.10.10"]

1. e4 e6 2. d4 d5 3. Nc3 Nf6 4. e5 Nfd7 5. f4 c5 6. Nf3 Nc6 7. Ne2 Qb6 8. c3
Be7 9. g3 f6 10. Bh3 cxd4 11. cxd4 Nf8 12. O-O f5 13. b3 h6 14. Bg2 Bd7 15. Be3
Nh7 16. Nc3 Na5 17. Rc1 O-O 18. Rf2 Ba3 19. Rcc2 Rfc8 20. Bc1 Be7 21. Bb2 Qd8
22. Qc1 b5 23. Qe3 Nf8 24. Rc1 Qb6 25. Rfc2 Nc6 26. a3 a6 27. Bf1 Rc7 28. Kg2
Rac8 29. Bd3 g6 30. h3 Na5 31. b4 Nb3 32. Re1 a5 33. Ree2 axb4 34. axb4 Bxb4
35. Na2 Qa5 36. Rxc7 Rxc7 37. Nxb4 Qxb4 38. Bc2 Na5 39. Ba3 Qc4 40. Bd1 b4 41.
Bb2 Bb5 42. g4 Qd3 43. Qg1 Qb1 44. Rf2 Nc4 45. Bb3 Ne3+ 46. Kg3 Qd3 47. Ba2 b3
48. Bb1 Nc2 49. gxf5 gxf5 50. Kh2+ Rg7 51. Qc1 Ba4 52. Qd2 Qxd2 53. Nxd2 Ne3
54. Re2 Nd1 55. Nf3 Ng6 56. Bc1 Nc3 57. Rb2 Rc7 58. Be3 Nd1 59. Re2 Rc3 60. Rg2
Kh7 61. Bd2 Rxf3 62. Bb4 Nxf4 63. Rg3 Rf2+ 64. Kh1 Rf1+ 65. Kh2 Nb2 66. Be7
Rxb1 67. Rc3 Nc4 0-1

[Event "Festival de Calviá 2009 - 6. Open s2300"]
[Site "Calvia ESP"]
[Date "2009.10.10"]
[Round "1.18"]
[White "Draghici Flutur, Gravril"]
[Black "Nicolas Zapata, Javier"]
[Result "0-1"]
[WhiteElo "2194"]
[BlackElo "1916"]
[PlyCount "58"]
[EventDate "2009.10.10"]
[EventType "swiss"]
[EventRounds "9"]
[EventCountry "ESP"]
[Source "lmi"]
[SourceDate "2009.10.10"]

1. e4 c5 2. Nf3 e6 3. Nc3 a6 4. d4 cxd4 5. Nxd4 Qc7 6. Bd3 Nf6 7. Qe2 d6 8. Bd2
Nbd7 9. O-O Be7 10. a4 b6 11. f4 Bb7 12. Nf3 O-O 13. Rae1 g6 14. e5 Nh5 15. Ne4
d5 16. Neg5 Nc5 17. b3 Rac8 18. Nd4 h6 19. Nh3 Kh7 20. f5 Nxd3 21. cxd3 Bc5 22.
fxg6+ fxg6 23. Bc3 Ng7 24. Kh1 Bxd4 25. Bxd4 Nf5 26. Bf2 Qc2 27. Nf4 Qxe2 28.
Rxe2 Ng7 29. Nh3 Rc3 0-1

[Event "Festival de Calviá 2009 - 6. Open s2300"]
[Site "Calvia ESP"]
[Date "2009.10.10"]
[Round "1.19"]
[White "Oliver Font, Jose Luis"]
[Black "Tscharotschkin, Michael"]
[Result "0-1"]
[WhiteElo "1915"]
[BlackElo "2194"]
[PlyCount "60"]
[EventDate "2009.10.10"]
[EventType "swiss"]
[EventRounds "9"]
[EventCountry "ESP"]
[Source "lmi"]
[SourceDate "2009.10.10"]

1. e4 e6 2. d4 d5 3. Nd2 dxe4 4. Nxe4 Nd7 5. Nf3 Ngf6 6. Bd3 Nxe4 7. Bxe4 Nf6
8. Bd3 Be7 9. O-O O-O 10. Qe2 b6 11. Ba6 Bxa6 12. Qxa6 Qc8 13. Qxc8 Raxc8 14.
c3 c5 15. h3 Nd5 16. dxc5 bxc5 17. Bd2 Bf6 18. Bg5 Bxg5 19. Nxg5 c4 20. g3 Rb8
21. Rfc1 Rxb2 22. Ne4 Rc8 23. Kf1 h6 24. Ke1 f5 25. Nd2 f4 26. a4 fxg3 27. fxg3
Rc5 28. a5 Ne3 29. Kf2 Rxd2+ 30. Kxe3 Rd3+ 0-1

[Event "Festival de Calviá 2009 - 6. Open s2300"]
[Site "Calvia ESP"]
[Date "2009.10.12"]
[Round "2.1"]
[White "Massanet Massanet, Sebastian"]
[Black "Elenius, Erik"]
[Result "1-0"]
[WhiteElo "2297"]
[BlackElo "2121"]
[PlyCount "51"]
[EventDate "2009.10.10"]
[EventType "swiss"]
[EventRounds "9"]
[EventCountry "ESP"]
[Source "lmi"]
[SourceDate "2009.10.10"]

1. d4 Nf6 2. Nf3 d6 3. c4 g6 4. Nc3 Bg7 5. e4 O-O 6. Be2 c5 7. d5 e6 8. Bf4
exd5 9. exd5 Re8 10. O-O Ne4 11. Nxe4 Rxe4 12. Qd2 Bg4 13. Bd3 Bxf3 14. gxf3
Rxf4 15. Qxf4 Be5 16. Qg4 h5 17. Qh3 Nd7 18. Rae1 Qg5+ 19. Kh1 Nf6 20. Rg1 Qf4
21. Qg3 Qd4 22. Rxe5 Qxe5 23. f4 Qxb2 24. Bxg6 fxg6 25. Qxg6+ Kh8 26. Qg7# 1-0

[Event "Festival de Calviá 2009 - 6. Open s2300"]
[Site "Calvia ESP"]
[Date "2009.10.11"]
[Round "2.2"]
[White "Korhonen, Pasi"]
[Black "Cruz, Jonathan"]
[Result "0-1"]
[WhiteElo "2116"]
[BlackElo "2292"]
[PlyCount "76"]
[EventDate "2009.10.10"]
[EventType "swiss"]
[EventRounds "9"]
[EventCountry "ESP"]
[Source "lmi"]
[SourceDate "2009.10.10"]

1. e4 c5 2. Nf3 d6 3. d4 cxd4 4. Nxd4 Nf6 5. Nc3 a6 6. Bg5 e6 7. f4 h6 8. Bh4
Nbd7 9. Qf3 Rg8 10. Bxf6 Qxf6 11. O-O-O g5 12. g3 h5 13. Kb1 gxf4 14. gxf4 Rg4
15. Be2 Qxf4 16. Qxf4 Rxf4 17. Bxh5 Nf6 18. Be2 Nxe4 19. Nxe4 Rxe4 20. c3 e5
21. Bd3 Rf4 22. Ne2 Rh4 23. Ng3 Bg4 24. Rdf1 Be6 25. Nf5 Rh3 26. Be4 d5 27. Bg2
Rh5 28. Ne3 O-O-O 29. Rd1 e4 30. c4 d4 31. Nd5 Bxd5 32. cxd5 f5 33. Rxd4 Bd6
34. h4 Kb8 35. Rf1 Bg3 36. Bh3 e3 37. Rxf5 Rxf5 38. Bxf5 e2 0-1

[Event "Festival de Calviá 2009 - 6. Open s2300"]
[Site "Calvia ESP"]
[Date "2009.10.11"]
[Round "2.3"]
[White "Gomez Jurado, Luis Alberto"]
[Black "Lechado Artigues, Pedro"]
[Result "0-1"]
[WhiteElo "2287"]
[BlackElo "2110"]
[PlyCount "54"]
[EventDate "2009.10.10"]
[EventType "swiss"]
[EventRounds "9"]
[EventCountry "ESP"]
[Source "lmi"]
[SourceDate "2009.10.10"]

1. d4 Nf6 2. Nf3 g6 3. c4 Bg7 4. Nc3 O-O 5. e4 d6 6. Be2 e5 7. Be3 Nc6 8. d5
Ne7 9. Nd2 Nd7 10. g4 f5 11. gxf5 gxf5 12. Bg5 h6 13. Bh4 Nf6 14. Rg1 fxe4 15.
Ndxe4 Nxe4 16. Nxe4 Kh8 17. Qd3 Rf4 18. Bg3 Rf8 19. O-O-O Nf5 20. Bg4 Nd4 21.
Bxc8 Rf3 22. Qd2 Qxc8 23. c5 Qf5 24. Rde1 Rd8 25. Bh4 Rd7 26. Bf6 Rf4 27. Rxg7
Rxg7 0-1

[Event "Festival de Calviá 2009 - 6. Open s2300"]
[Site "Calvia ESP"]
[Date "2009.10.11"]
[Round "2.4"]
[White "Schuermans, Robert"]
[Black "Gonzalez Arribas, Vidal A"]
[Result "0-1"]
[WhiteElo "2103"]
[BlackElo "2286"]
[PlyCount "106"]
[EventDate "2009.10.10"]
[EventType "swiss"]
[EventRounds "9"]
[EventCountry "ESP"]
[Source "lmi"]
[SourceDate "2009.10.10"]

1. e4 c5 2. Nf3 Nc6 3. d4 cxd4 4. Nxd4 g6 5. Nc3 Bg7 6. Be3 Nf6 7. Nxc6 bxc6 8.
e5 Ng8 9. Bd4 c5 10. Bxc5 Qc7 11. Bd4 Bxe5 12. f4 Bxd4 13. Qxd4 Nf6 14. Bd3 O-O
15. O-O Qb6 16. Qxb6 axb6 17. f5 Ba6 18. Bxa6 Rxa6 19. Rae1 e6 20. fxg6 fxg6
21. Rf3 Ra5 22. a3 Rf5 23. Rxf5 gxf5 24. Re5 Rc8 25. Rb5 Rc6 26. h3 d5 27. Ne2
e5 28. c3 Kf7 29. Nc1 Ke6 30. Nd3 f4 31. Nb4 Rd6 32. Nd3 Kf5 33. c4 Ke4 34.
Nf2+ Kd4 35. cxd5 Nxd5 36. Rb3 e4 37. Kf1 Rc6 38. a4 Ne3+ 39. Ke1 Rc1+ 40. Kd2
Rc2+ 41. Ke1 Nxg2+ 42. Kf1 Ne3+ 43. Kg1 Nd5 44. Ng4 Kc4 45. Rb5 Rc1+ 46. Kf2
Rc2+ 47. Kg1 Kd4 48. Nh6 Rc1+ 49. Kh2 e3 50. Nf5+ Ke5 51. Ne7 e2 52. Nxd5 e1=Q
53. Ne3+ Ke4 0-1

[Event "Festival de Calviá 2009 - 6. Open s2300"]
[Site "Calvia ESP"]
[Date "2009.10.11"]
[Round "2.5"]
[White "Barcelo Pujadas, Pedro Jose"]
[Black "Juan Mas, Santiago"]
[Result "0-1"]
[WhiteElo "2249"]
[BlackElo "2098"]
[PlyCount "142"]
[EventDate "2009.10.10"]
[EventType "swiss"]
[EventRounds "9"]
[EventCountry "ESP"]
[Source "lmi"]
[SourceDate "2009.10.10"]

1. Nf3 Nf6 2. c4 b6 3. g3 Bb7 4. Bg2 g6 5. O-O c5 6. Nc3 Bg7 7. d4 cxd4 8. Qxd4
O-O 9. Qh4 d6 10. Bg5 Nbd7 11. Rfd1 Rc8 12. b3 a6 13. Rac1 Rc5 14. b4 Rc7 15.
Nd5 Bxd5 16. cxd5 Rxc1 17. Bxc1 Qc7 18. Ne1 Rc8 19. Bb2 Qb7 20. Rc1 Rxc1 21.
Bxc1 b5 22. Bb2 Nb6 23. e4 Qc7 24. Qf4 Nfxd5 25. exd5 Bxb2 26. Nd3 Bf6 27. Qc1
Qxc1+ 28. Nxc1 Bc3 29. Nd3 Nc4 30. Bh3 Nb6 31. Kf1 Nxd5 32. Bg2 Nc7 33. Bc6 e5
34. Ke2 f5 35. f3 Kf7 36. Kd1 Ke6 37. Kc2 Bd4 38. Nc1 Bb6 39. Ne2 d5 40. a3 g5
41. Bb7 f4 42. g4 Kd6 43. Nc3 a5 44. Kd3 axb4 45. axb4 Bd4 46. Ne2 Ne6 47. Ba6
Kc6 48. Bc8 Kd6 49. Ba6 Kc6 50. Bc8 Kd6 51. Ba6 Bb6 52. Bxb5 Nc7 53. Nc3 Bd4
54. Ba4 Bxc3 55. Kxc3 e4 56. b5 Kc5 57. b6 Kxb6 58. fxe4 dxe4 59. Bc2 e3 60.
Bxh7 Nd5+ 61. Kd3 Nf6 62. Bf5 Kc5 63. h4 gxh4 64. g5 Nh5 65. Bg4 Ng7 66. Ke4 h3
67. Kf3 h2 68. Kg2 Kd4 69. Be2 Ke4 70. Bf3+ Kd3 71. Kf1 Kd2 0-1